00527nam a2200181 a 45000010010000000030011000100080041000210350026000620820012000881000022001002450027001222600045001496500014001949420012002089520090002209980020003109990015003300000-8805ELIB.Books110520 1968  a(ELIB.Books)0000-8951 aB bBuk aBuks Bazen, Lydia aThey looked for a city bPhiladelphia: The Spearhead Press c1968 aBiography 2ddccBK 00102ddc4070aKBTSbKBTSd2011-05-20l0p7614r2022-01-22 00:00:00w2022-01-22yBK cbate2011-05-20 c8805d8805